Svařovací technika ve v.d. Elektrokov, Znojmo

Bibliographic Details
Main Author: Sosna, Pavel (Author)
Format: Article
Language:Czech
PhysicalDescription:Obr. 3.
Subjects:

MARC

LEADER 00000nab a2200000 a 4500
001 vtls000465587
003 SK-MaSNL
005 20260303201655.0
008 230223c1992 xo 0 cze
015 |a SNBRB19rr/mm-uuuuu 
035 |a CL0465720 
035 |a urn:nbn:sk:snk-ab6pkt 
035 |a (uuid)8762eeb1-1242-437f-b60b-fd57c21c73ad 
035 |a (urnnbn)urn:nbn:sk:snk:ar-005qqa 
035 |a (sysno)vtls000465587 
040 |a SNKBUCL  |b slo  |c SNKBUCL  |e AACR2 
041 0 |a cze 
044 |a xo  |c SK 
080 |a 621.791.754.03:621.314.2  |2 1981 
080 |a 621.314.2  |2 1981 
100 1 |a Sosna, Pavel  |4 aut  |9 1232734 
245 1 0 |a Svařovací technika ve v.d. Elektrokov, Znojmo  |c Pavel Sosna 
300 |b Obr. 3. 
650 0 7 |a zváranie oblúkové  |2 snkbucl  |9 823341 
650 0 7 |a zváracia technika  |2 snkbucl  |9 68011 
650 0 7 |a Elektrokov, v.d., Znojmo  |2 snkbucl  |9 1232735 
655 7 |a články z novín a časopisov  |2 snkbucl  |9 267496 
773 0 |t Zváranie  |g Roč. 41, č. 3 (1992), s. 62-64 
850 |a Slovenská národná knižnica v Martine  |a MTA001 
852 |a SNK  |b KIS3GCP 
954 |a odborná, vedecká literatúra pôvodná (slovenská)  |2 lita 
954 |a odborná, vedecká literatúra cudzojazyčná (svetová)  |2 lita 
957 |a 3713 
958 |a OND 
958 |a RK 
958 |a CZ 
958 |a EUIPO 
958 |a article 
992 |a RBX 
999 |c 2175372  |d 2177302